Incentivo a la capitalización de las empresas a través de una reducción de la tasa del impuesto a las ganancias cuando las utilidades no sean distribuidas (Registro nro. 15823)
[ vista simple ]
| 000 -LEADER | |
|---|---|
| fixed length control field | 00531 a2200145 4500 |
| 001 - CONTROL NUMBER | |
| control field | ART_34374 |
| 005 - DATE AND TIME OF LATEST TRANSACTION | |
| control field | 20260410161708.0 |
| 008 - FIXED-LENGTH DATA ELEMENTS--GENERAL INFORMATION | |
| fixed length control field | 260409a |
| 100 1# - MAIN ENTRY--PERSONAL NAME | |
| Personal name | Braun, Miguel |
| 245 10 - TITLE STATEMENT | |
| Title | Incentivo a la capitalización de las empresas a través de una reducción de la tasa del impuesto a las ganancias cuando las utilidades no sean distribuidas |
| 700 1# - ADDED ENTRY--PERSONAL NAME | |
| Personal name | Díaz Frers, Luciana |
| 700 1# - ADDED ENTRY--PERSONAL NAME | |
| Personal name | Marongiu, Federico |
| 700 1# - ADDED ENTRY--PERSONAL NAME | |
| Personal name | McEwan, Héctor |
| 773 0# - HOST ITEM ENTRY | |
| Title | Revista Impuestos |
| Related parts | - Nº 21 (nov. 2005) |
| Record control number | REV639 |
No hay ítems disponibles.